Shakespeare Plays by Any 3 Letters Quiz Stats

 Plays Quiz Updated Aug 7, 2018

Challenge
Share
Tweet
Embed
Score 0/38 Timer 04:00
2 Plays Today
% Correct
Romeo and Juliet
97.3%
Timon of Athens
94.6%
Othello
93.2%
The Two Noble Kinsmen
93.1%
The Merchant of Venice
92.7%
The Merry Wives of Windsor
91.6%
The Taming of the Shrew
89.5%
The Tempest
88.9%
The Two Gentlemen of Verona
87.6%
A Midsummer Night's Dream
86.5%
The Winter's Tale
86%
The Comedy of Errors
83.9%
Antony and Cleopatra
83.9%
Hamlet
83.4%
King John
82.9%
King Lear
82.5%
Henry VIII
82.3%
Henry V
81.8%
1 Henry IV
81.8%
% Correct
2 Henry IV
81.8%
1 Henry VI
81.8%
2 Henry VI
81.8%
3 Henry VI
81.8%
Much Ado about Nothing
80.7%
Titus Andronicus
78.8%
Macbeth
76.9%
Troilus and Cressida
76.8%
Pericles
74.6%
Richard III
74.4%
Richard II
73.8%
Julius Caesar
62.7%
Twelfth Night
58.9%
All's Well That Ends Well
51.1%
Love's Labour's Lost
44.8%
As You Like It
39.9%
Measure for Measure
37.7%
Coriolanus
34.8%
Cymbeline
30.2%

You're not logged in!

Compare scores with friends on all Sporcle quizzes.
OR
Log In

You Might Also Like...

Show Comments

Extras

Top Quizzes Today


Score Distribution

Your Account Isn't Verified!

In order to create a playlist on Sporcle, you need to verify the email address you used during registration. Go to your Sporcle Settings to finish the process.

Report this User

Report this user for behavior that violates our Community Guidelines.

Details: